[Event "Darek Jacek Zaucha"]
[Site "SchemingMind.com"]
[Date "2017.03.02"]
[Round "-"]
[White "frankly"]
[Black "JAHI"]
[Result "1-0"]
[WhiteCountry "ENG"]
[BlackCountry "INT"]
[WhiteElo "2509"]
[WhiteRD "62"]
[BlackElo "2099"]
[BlackRD "66"]
[GameID "411096"]

1. e4 c6 2. d4 d6 3. Nf3 d5 4. Nc3 e6 5. Be3 Bd6 6. Bd3 Ne7 7. Ng5 h6 8. Qh5 g6 9. Qh3 e5 10. Qh4 f6
11. Nf3 Nd7 12. O-O-O Kf7 13. exd5 Kg7 14. Be4 c5 15. dxe5 fxe5 16. Nd2 Nf5 17. Qxd8 Rxd8 18. Bxf5 gxf5 19. Nc4 Bb8 20. f3 b6
21. g4 fxg4 22. Rhg1 Nf6 23. fxg4 Ne8 24. h4 Ba6 25. Nd2 Bb7 26. h5 e4 27. g5 Be5 28. Ncxe4 Bxd5 29. Nf3 Bc7 30. gxh6+ Kh8
31. Nfg5 Bg8 32. Rdf1 Nd6 33. Nf6 Rf8 34. h7 Bf7 35. Bd2 b5 36. Nd7 b4 37. Nxf8 Rxf8 38. Bf4 Ne4 39. Bxc7 Nxg5 40. Rxg5 b3
41. axb3 Kxh7 42. Rf6 c4 43. bxc4 Re8 44. Rxf7+ Kh6 45. Rg6+ Kxh5 46. Rg1 Re6 47. Rf5+ Kh4 48. Bd8+ Re7 49. Bxe7+ Kh3 50. Rh5#
1-0